| 000 | 00496nam a2200169 i 4500 | ||
|---|---|---|---|
| 001 | 20488 | ||
| 003 | ES-MaACL | ||
| 005 | 20240301062532.0 | ||
| 007 | t| | ||
| 008 | 021113s1979 sp ||||1| spa d | ||
| 245 | 0 | 0 |
_aAcadémicos artistas _b: (exposición de dibujos y grabados). |
| 260 |
_aMadrid : _bBiblioteca Nacional, _c1979. |
||
| 300 |
_a14 h., 2 lám. ; _c25 cm. |
||
| 710 | 2 |
_aBiblioteca Nacional (España) _92188 |
|
| 852 |
_aES-MaACL _j2112-F-28 _bR.99173 |
||
| 999 |
_c20488 _d20488 |
||